[Event "BSF 75th Ann."]
[Site "Bronshoj DEN"]
[Date "2010.02.18"]
[Round "6"]
[White "Akdag,D"]
[Black "Picard,Ro"]
[Result "0-1"]
[WhiteElo "2157"]
[BlackElo "2365"]

1.d4 Nf6 2.c4 g6 3.Nc3 d5 4.cxd5 Nxd5 5.e4 Nxc3 6.bxc3 Bg7 7.Bc4 O-O 8.Ne2 Qd7
9.O-O b6 10.Qd3 Bb7 11.Be3 Nc6 12.Rad1 Rad8 13.Bb5 Qc8 14.Bg5 Qg4 15.Qe3 f6
16.Bf4 e5 17.Bh6 Bxh6 18.Qxh6 Qxe4 19.Bc4+ Kh8 20.f3 Qf5 21.Bd3 Qg5 22.Qxg5 fxg5
23.Be4 exd4 24.cxd4 Ba6 25.Rf2 Bxe2 26.Rxe2 Nxd4  0-1

[Event "XIII Open"]
[Site "Malaga ESP"]
[Date "2010.02.21"]
[Round "3"]
[White "Ruiz Gutierrez,M"]
[Black "Candamil Neira,Gabriel Alfonso"]
[Result "1-0"]
[WhiteElo "2226"]
[BlackElo "1955"]

1.d4 Nf6 2.c4 g6 3.Nc3 d5 4.cxd5 Nxd5 5.e4 Nxc3 6.bxc3 Bg7 7.Bc4 O-O 8.Ne2 c5
9.O-O Nc6 10.Be3 Qc7 11.Rc1 Rd8 12.d5 Na5 13.Bd3 c4 14.Bc2 e6 15.Bg5 f6 16.Bf4 e5
17.Be3 b6 18.f4 Nb7 19.fxe5 fxe5 20.Qd2 Bg4 21.h3 Bxe2 22.Qxe2 Rf8 23.Qg4 Nd6
24.a4 Rae8 25.Rb1 Kh8 26.Kh2 Kg8 27.Qh4 Qd7 28.Bg5 Rf7 29.Qg4 Qxg4 30.hxg4 Ref8
31.Rxf7 Rxf7 32.Be3 Bf8 33.g5 Be7 34.a5 b5 35.Bxa7 Bxg5 36.Bb8 Rf2 37.Bxd6 Bf4+
38.Kh1 Rxc2 39.Ra1 Rxc3 40.a6 Be3 41.Bxe5 Rb3 42.a7 Bxa7 43.Rxa7 c3 44.Rc7 b4
45.d6 Rb1+ 46.Kh2 Rd1 47.d7 c2 48.Rxc2 Rxd7 49.Rc7 Rd8 50.Rg7+ Kf8 51.Rxh7 Rd3
52.Rh3  1-0

[Event "ch-IND National Teams"]
[Site "Gurgaon IND"]
[Date "2010.02.22"]
[Round "2"]
[White "Vikas,Sh"]
[Black "Deepan,C"]
[Result "0-1"]
[WhiteElo "2198"]
[BlackElo "2492"]

1.d4 Nf6 2.c4 g6 3.Nc3 d5 4.cxd5 Nxd5 5.e4 Nxc3 6.bxc3 Bg7 7.Nf3 c5 8.Rb1 O-O
9.Be2 b6 10.O-O Bb7 11.Qd3 Ba6 12.Qe3 Bxe2 13.Qxe2 Qc7 14.Be3 Nd7 15.e5 e6
16.Nd2 Qc6 17.Nc4 a6 18.Nd6 b5 19.f4 c4 20.Rf3 Nb6 21.Rh3 Rad8 22.Bd2 Rxd6
23.exd6 Qxd6 24.Qf2 h5 25.Qf3 Qa3 26.g4 Qxa2 27.Rd1 hxg4 28.Qxg4 Qc2 29.Be1 Nd5
30.Qh4 Re8 31.Ra1 b4 32.f5 exf5 33.Bg3 f4 34.Bxf4 Nxf4 35.Qxf4 b3 36.Rf3 Rf8
37.Rc1 Qa2 38.Rff1 a5 39.Qe4 b2 40.Rce1 Qb3 41.Rf3 a4 42.Ref1 a3 43.Rh3 Rb8
44.Qf4 Qb7 45.Rhf3 a2  0-1

[Event "XIII Open"]
[Site "Malaga ESP"]
[Date "2010.02.22"]
[Round "4"]
[White "Jurado Vazquez,Jo"]
[Black "Canamero Corredera,J"]
[Result "1/2-1/2"]
[WhiteElo "1956"]
[BlackElo "1662"]

1.d4 Nf6 2.c4 g6 3.Nc3 d5 4.cxd5 Nxd5 5.e4 Nxc3 6.bxc3 Bg7 7.Bc4 c5 8.Ne2 O-O
9.O-O cxd4 10.cxd4 Nc6 11.Be3 Bg4 12.f3 Na5 13.Bd3 Be6 14.Qa4 b6 15.Nf4 b5
16.Nxe6 fxe6 17.Qc2 Bxd4 18.Bxd4 Qxd4+ 19.Kh1 Rac8 20.Qe2 Nc4 21.Bxc4 Qxc4
22.Qe3 Qc5 23.Qb3 Kf7 24.f4 Qc3 25.Qd1 Rfd8 26.Qg4 Qf6 27.f5 exf5 28.exf5 Kg7
29.Rae1 Rf8 30.Rf3 Rc4 31.Qg3 g5 32.h3 Rc6 33.Rfe3 Qxf5 34.Rxe7+ Rf7 35.R1e5 Qf4
36.Rxg5+ Rg6 37.Qc3+ Kh6 38.Rxg6+ Kxg6 39.Re6+ Rf6 40.Qd3+ Qf5 41.Qg3+ Kf7
42.Re1 Re6 43.Qc7+ Kf6 44.Qd8+ Kf7 45.Qd7+ Kf6 46.Qd8+  1/2-1/2

[Event "14th Open"]
[Site "Guingamp-Pabu FRA"]
[Date "2010.02.23"]
[Round "5"]
[White "Migot,T"]
[Black "Barbot,Pi1"]
[Result "0-1"]
[WhiteElo "2192"]
[BlackElo "2097"]

1.d4 Nf6 2.c4 g6 3.Nc3 d5 4.cxd5 Nxd5 5.e4 Nxc3 6.bxc3 Bg7 7.Nf3 c5 8.Rb1 O-O
9.Be2 b6 10.O-O Bb7 11.d5 Bxc3 12.Bc4 Nd7 13.Bf4 Bg7 14.Re1 h6 15.e5 Kh7
16.Qd3 e6 17.d6 Nb8 18.Bg3 Nc6 19.a3 Na5 20.Bb5 a6 21.Bh4 Qb8 22.Ba4 Bd5
23.d7 b5 24.d8=Q Rxd8 25.Bxd8 Qxd8 26.Bc2 Qc7 27.h4 c4 28.Qe3 Bf8 29.h5 Bc5
30.Qf4 Rg8 31.Nd2 Bxa3 32.Re3 Bf8 33.Rg3 Nc6 34.Re1 Bb4 35.Rh3 Bf8 36.Ree3 f5
37.hxg6+ Rxg6 38.Nf3 Qg7 39.g3 Bc5 40.Re2 Rg4 41.Bxf5+ exf5 42.Qxf5+ Qg6
43.Qd7+ Ne7 44.Kg2 Rf4 45.Re3  0-1

[Event "Gotth' Art Cup GM"]
[Site "Szentgotthard HUN"]
[Date "2010.02.24"]
[Round "3"]
[White "Fodor,T jr"]
[Black "Ftacnik,L"]
[Result "1-0"]
[WhiteElo "2417"]
[BlackElo "2546"]

1.d4 Nf6 2.c4 g6 3.Nc3 d5 4.cxd5 Nxd5 5.e4 Nxc3 6.bxc3 Bg7 7.Bb5+ c6 8.Ba4 O-O
9.Ne2 e5 10.O-O Qe7 11.Qc2 Re8 12.f3 Nd7 13.Be3 Nb6 14.Bb3 Be6 15.Rad1 Nc4
16.Bc1 Rad8 17.Kh1 b5 18.f4 f6 19.Ng3 Na5 20.Bxe6+ Qxe6 21.dxe5 fxe5 22.f5 Qe7
23.Qe2 Nc4 24.Qg4 Rxd1 25.Rxd1 Rd8 26.Rxd8+ Qxd8 27.h4 Qd6 28.h5 Kf7 29.Bg5 a5
30.fxg6+ hxg6 31.h6 Bf8 32.h7 Bg7 33.Qc8 Nb6 34.Qg8+  1-0

[Event "XIII Open"]
[Site "Malaga ESP"]
[Date "2010.02.26"]
[Round "8"]
[White "Camacho Dominguez,F"]
[Black "Picasso Gallego,N"]
[Result "0-1"]
[WhiteElo "1832"]
[BlackElo "1974"]

1.d4 Nf6 2.c4 g6 3.Nc3 d5 4.cxd5 Nxd5 5.e4 Nxc3 6.bxc3 Bg7 7.Bc4 c5 8.Be3 Nc6
9.Ne2 O-O 10.O-O cxd4 11.cxd4 Na5 12.Bd3 b6 13.Rc1 Bb7 14.d5 Qd7 15.Qd2 Rfc8
16.Qb4 Rxc1 17.Rxc1 Rc8 18.Rxc8+ Bxc8 19.Bb5 Qd8 20.Bg5 f6 21.Bf4 e5 22.Be3 Bf8
23.Qc3 Nb7 24.Ba6 Nc5 25.Bxc8 Qxc8 26.Bxc5 Qxc5 27.Qxc5 Bxc5 28.Nc3 Kf7 29.Kf1 Ke7
30.Ke2 a6 31.Na4 Bd4 32.Kd3 Bxf2 33.Nc3 Kd6 34.Ne2 b5 35.g4 h6 36.Kc3 Be1+
37.Kb3 Kc5 38.a4 Bf2 39.axb5 axb5 40.Nc1 Kd4 41.Kb4 Kxe4 42.d6 Bb6 43.Kxb5 Bd8
44.Kc6 f5 45.Kd7 Bg5 46.gxf5 gxf5 47.Nb3 f4 48.Nc5+ Kf5 49.Ne6 Bf6 50.Nc7 f3
51.Nd5 f2 52.Kc6 Bg5 53.d7 Ke4  0-1

[Event "Reykjavik Open"]
[Site "Reykjavik ISL"]
[Date "2010.02.27"]
[Round "4"]
[White "Thorfinnsson,Bj"]
[Black "Maze,S"]
[Result "1/2-1/2"]
[WhiteElo "2383"]
[BlackElo "2554"]

1.d4 Nf6 2.c4 g6 3.Nc3 d5 4.cxd5 Nxd5 5.e4 Nxc3 6.bxc3 Bg7 7.Bc4 c5 8.Ne2 Nc6
9.Be3 O-O 10.O-O Qc7 11.Rc1 Bd7 12.Qd2 Rfd8 13.h3 e6 14.Bh6 Bh8 15.Bg5 Re8
16.Bf4 Qa5 17.Rb1 cxd4 18.Rxb7 Bc8 19.Rb5 Qd8 20.Rc5 Qb6 21.Rb5 Qd8 22.cxd4 Nxd4
23.Rd1 e5 24.Nxd4 exd4 25.Bd5 Bd7 26.Rbb1 Rc8 27.Bg5 Qc7 28.Rb7 Qd6 29.Bf4 Be5
30.Bxe5 Rxe5 31.Qxd4 Be6 32.f4 Rh5 33.Bxe6 Qxe6 34.Qd7 Qc4 35.Rxa7 Rf8 36.Qd4 Qc2
37.e5 Rh4 38.Rf1 Qf5 39.Qf2 Rh6 40.Qb6 Rh4 41.Qf6 Qxf6 42.exf6 Rh5 43.f5 Rxf5
44.Rxf5 gxf5 45.Ra3 Re8 46.Rf3 Ra8 47.Rg3+ Kf8 48.a3 Ra6 49.Kf2 Rxf6 50.a4 Ra6
51.Ra3 Ra5 52.Ke3 Ke7 53.Kd4 Kd6 54.Kc4 f4 55.Kd4 f5 56.Kd3 Re5 57.Kd2 Kc7
58.a5 Kb8 59.a6 Re6 60.Ra2 Ka7 61.Kd3 Re4 62.Re2 Ra4 63.Re7+ Kxa6 64.Rxh7 Kb6
65.Rf7 Ra2 66.Rg7 Kc5 67.h4 Kd5 68.h5 Ke5 69.h6 Kf6 70.Rg8 Ra7  1/2-1/2

[Event "3rd MGU Open"]
[Site "Sofia BUL"]
[Date "2010.02.27"]
[Round "1"]
[White "Tsekov,S"]
[Black "Toshev,V"]
[Result "1-0"]
[WhiteElo "2227"]
[BlackElo "1870"]

1.d4 Nf6 2.c4 g6 3.Nc3 d5 4.cxd5 Nxd5 5.e4 Nxc3 6.bxc3 Bg7 7.Be3 O-O 8.Qd2 c5
9.Rc1 cxd4 10.cxd4 Nc6 11.d5 Ne5 12.h3 b6 13.f4 Nd7 14.Nf3 Bb7 15.Bb5 Rc8
16.O-O Nf6 17.Qd3 e6 18.dxe6 Qxd3 19.exf7+ Rxf7 20.Rxc8+ Bxc8 21.Bxd3 Rc7
22.Rc1 Rxc1+ 23.Bxc1 Be6 24.a3 Nd7 25.Kf2 Nc5 26.Ke2 Nb3 27.Be3 h6 28.e5 Kf7
29.g4 Bf8 30.a4 Nc5 31.Bxc5 Bxc5 32.Nd2 Bd7 33.Bb5 Be6 34.Kd3 h5 35.Bc4 Bxc4+
36.Nxc4 Ke6 37.Ke4 hxg4 38.hxg4 a6 39.f5+ gxf5+ 40.gxf5+ Ke7 41.Kd5  1-0

[Event "Bundesliga 2009-10"]
[Site "Trier GER"]
[Date "2010.02.27"]
[Round "10"]
[White "Gordon,S"]
[Black "Agopov,M"]
[Result "1-0"]
[WhiteElo "2535"]
[BlackElo "2452"]

1.d4 Nf6 2.c4 g6 3.Nc3 d5 4.cxd5 Nxd5 5.e4 Nxc3 6.bxc3 Bg7 7.Nf3 c5 8.Be3 Qa5
9.Qd2 Nc6 10.Rb1 b6 11.Rc1 Ba6 12.d5 Bxf1 13.Kxf1 Rd8 14.Bh6 Qa6+ 15.Kg1 Bxh6
16.Qxh6 Na5 17.Qg7 Rf8 18.Ng5 Kd7 19.Nxh7 Rh8 20.Qxf7 Qe2 21.h4 Nc4 22.Rh3  1-0

[Event "Bundesliga 2009-10"]
[Site "Trier GER"]
[Date "2010.02.27"]
[Round "10"]
[White "Lauber,A"]
[Black "Lupulescu,C"]
[Result "1/2-1/2"]
[WhiteElo "2517"]
[BlackElo "2599"]

1.d4 Nf6 2.c4 g6 3.Nc3 d5 4.cxd5 Nxd5 5.e4 Nxc3 6.bxc3 Bg7 7.Bc4 O-O 8.Ne2 c5
9.O-O Nc6 10.Be3 Qc7 11.Rc1 Rd8 12.Qd2 Qa5 13.Rfd1 b6 14.Bh6 Ba6 15.Bxa6 Qxa6
16.Bxg7 Kxg7 17.d5 Qc4 18.Ng3 Ne5 19.f4 Ng4 20.e5 Rd7 21.h3 Nh6 22.f5 Nxf5
23.Nxf5+ gxf5 24.Qg5+ Kh8 25.d6 Qe6 26.dxe7 Rxe7 27.Rf1 Rg8 28.Qxf5 Qxa2
29.Qf6+ Rg7 30.Rf2 Qe6 31.Rd1 Re8 32.Rd8 Rxd8 33.Qxd8+ Rg8 34.Qc7 a5 35.Rxf7 Qxh3
36.Qc6 Qe3+ 37.Kf1 Qd3+ 38.Kg1 Qe3+ 39.Kf1 Qc1+ 40.Kf2 Qd2+ 41.Kf1 Qd1+ 42.Kf2 Qd2+  1/2-1/2

[Event "Congress"]
[Site "Blackpool ENG"]
[Date "2010.03.01"]
[Round "1"]
[White "Mitchell,M"]
[Black "Fryer,D"]
[Result "1/2-1/2"]
[WhiteElo "2147"]
[BlackElo "2077"]

1.d4 Nf6 2.c4 g6 3.Nc3 d5 4.cxd5 Nxd5 5.e4 Nxc3 6.bxc3 Bg7 7.Nf3 c5 8.Rb1 O-O
9.Be2 Nc6 10.d5 Na5 11.c4 Bg4 12.Nd2 Bxe2 13.Qxe2 e6 14.O-O b6 15.Bb2 Bh6
16.Nf3 Re8 17.Qc2 exd5 18.cxd5 f6 19.Rbd1 Bg7 20.Rfe1 Nb7 21.Qd3 Nd6 22.e5 fxe5
23.Nxe5 Qg5 24.Nf3 Qf5 25.Qxf5 Nxf5 26.Bxg7 Kxg7 27.g4 Nd6 28.Re6 Ne4 29.Re1 Rxe6
30.dxe6 Nc3 31.Ne5 Re8 32.Nc4 Re7 33.Nd6 Kf6 34.g5+ Kxg5 35.Nc8 Re8 36.Nd6 Re7
37.Nc8  1/2-1/2

[Event "Reykjavik Open"]
[Site "Reykjavik ISL"]
[Date "2010.03.01"]
[Round "7"]
[White "Karavade,E"]
[Black "Gupta,Ab"]
[Result "0-1"]
[WhiteElo "2405"]
[BlackElo "2577"]

1.d4 Nf6 2.c4 g6 3.Nc3 d5 4.cxd5 Nxd5 5.e4 Nxc3 6.bxc3 Bg7 7.Bg5 O-O 8.Nf3 c5
9.Rc1 Bg4 10.d5 Qd6 11.Be2 Nd7 12.O-O Bxf3 13.Bxf3 b5 14.Be2 c4 15.Qc2 Nc5
16.Rfd1 f5 17.exf5 Rxf5 18.Be3 Raf8 19.Bxc5 Qxc5 20.Bf3 Be5 21.Re1 Qd6 22.h3 Qf6
23.Re4 Bc7 24.Re6 Qg5 25.Kf1 Rxf3 26.gxf3 Rxf3 27.Re3 Qxe3  0-1

[Event "48th XtraCon TCh-DEN 2009-10"]
[Site "Denmark DEN"]
[Date "2010.03.02"]
[Round "7"]
[White "Matthiesen,A"]
[Black "Schandorff,L"]
[Result "1-0"]
[WhiteElo "2322"]
[BlackElo "2501"]

1.d4 Nf6 2.c4 g6 3.Nc3 d5 4.cxd5 Nxd5 5.e4 Nxc3 6.bxc3 Bg7 7.Nf3 c5 8.Rb1 O-O
9.Be2 b6 10.O-O Bb7 11.Qd3 e6 12.Bg5 Qd7 13.Rfd1 Ba6 14.Qe3 Qa4 15.Rd2 Nd7
16.Bxa6 Qxa6 17.h4 cxd4 18.cxd4 Rfc8 19.h5 Rc4 20.Rbd1 Rac8 21.e5 Rc3 22.Qf4 Rc1
23.Be7 Qa4 24.Rxc1 Rxc1+ 25.Kh2 gxh5 26.Bf6 Nf8 27.Bxg7 Kxg7 28.Qf6+ Kg8
29.d5 exd5 30.Nd4 h4 31.Rd3 Ng6 32.Qd8+ Nf8 33.Qg5+ Ng6 34.Qxc1  1-0

[Event "Gotth' Art Cup GM"]
[Site "Szentgotthard HUN"]
[Date "2010.03.02"]
[Round "8"]
[White "Portisch,L"]
[Black "Ftacnik,L"]
[Result "1/2-1/2"]
[WhiteElo "2519"]
[BlackElo "2546"]

1.d4 Nf6 2.c4 g6 3.Nc3 d5 4.cxd5 Nxd5 5.e4 Nxc3 6.bxc3 Bg7 7.Be3 c5 8.Qd2 Qa5
9.Rb1 b6 10.Rc1 O-O 11.Nf3 e6 12.Bh6 cxd4 13.Bxg7 Kxg7 14.cxd4 Qxd2+ 15.Kxd2 Bb7
16.Ke3  1/2-1/2

[Event "TCh-ISL 2009-10"]
[Site "Rekjavik ISL"]
[Date "2010.03.06"]
[Round "7"]
[White "Gislason,G"]
[Black "Thorsteinsdottir,H"]
[Result "0-1"]
[WhiteElo "2348"]
[BlackElo "1941"]

1.d4 Nf6 2.c4 g6 3.Nc3 d5 4.cxd5 Nxd5 5.e4 Nxc3 6.bxc3 Bg7 7.Nf3 c5 8.Rb1 O-O
9.Be2 Nc6 10.d5 Ne5 11.Nd2 b6 12.f4 Nd7 13.c4 e5 14.f5 Nf6 15.O-O Bb7 16.Rb3 Qd7
17.Qe1  0-1

[Event "11th EICC Women"]
[Site "Rijeka CRO"]
[Date "2010.03.07"]
[Round "2"]
[White "Savina,A"]
[Black "Hoolt,S"]
[Result "1-0"]
[WhiteElo "2391"]
[BlackElo "2215"]

1.d4 Nf6 2.c4 g6 3.Nc3 d5 4.cxd5 Nxd5 5.e4 Nxc3 6.bxc3 Bg7 7.Nf3 c5 8.Rb1 O-O
9.Be2 b6 10.O-O Bb7 11.d5 Bxc3 12.Bc4 Bg7 13.Qe2 Qc8 14.Rd1 Ba6 15.Bf4 Bxc4
16.Qxc4 Qa6 17.Rb5 Nd7 18.e5 Rad8 19.h3 Nb8 20.a4 e6 21.d6 Rd7 22.a5 Rc8
23.Rc1 Re8 24.axb6 axb6 25.Qb3 Rb7 26.Rcxc5 Nd7 27.Rc1 f6 28.exf6 Bxf6 29.Bg5 Kg7
30.Bxf6+ Nxf6 31.Ng5 Rd7 32.Rxb6 Qa5 33.Rb5 Qa6 34.Rb6 Qa5 35.Nf3 Nd5 36.Rb7 Rxb7
37.Qxb7+ Kg8 38.Ng5 Ne7 39.Qd7  1-0

[Event "Parachute Advansed Int"]
[Site "Dhaka BAN"]
[Date "2010.03.10"]
[Round "4"]
[White "Shamima,A"]
[Black "Kiran,M"]
[Result "0-1"]
[WhiteElo "2092"]
[BlackElo "2259"]

1.d4 Nf6 2.c4 g6 3.Nc3 d5 4.cxd5 Nxd5 5.e4 Nxc3 6.bxc3 Bg7 7.Nf3 c5 8.Rb1 O-O
9.Be2 b6 10.O-O Bb7 11.e5 cxd4 12.cxd4 Bd5 13.Qa4 Nc6 14.Be3 a6 15.Rfd1 b5
16.Qa3 Qa5 17.Qxa5 Nxa5 18.Rb2 Rfc8 19.Ne1 e6 20.h4 h5 21.Bg5 Nc4 22.Rb3 Nb6
23.Rg3 Kh7 24.Ra1 Ra7 25.Bd2 Nc4 26.Bg5 b4 27.Nd3 a5 28.Nf4 Be4 29.Re1 Bf5
30.Bd3 Bxd3 31.Rxd3 Rac7 32.g4 hxg4 33.h5 gxh5 34.Kg2 Bh6 35.Bxh6 Kxh6 36.Rh1 Kg5
37.Nxh5 Rh8 38.Nf6 Rxh1 39.Kxh1 Kf4 40.Rg3 Nb6 41.Rxg4+ Kf3 42.a3 Nd5 43.Rg3+ Kxf2
44.Ne4+ Ke2 45.axb4 axb4 46.Rb3 Rc3 47.Rb1 Rd3 48.Kg2 Nf4+ 49.Kh2 Rxd4 50.Nd6 Kd2
51.Nb5 Kc2 52.Rf1 Rd2+ 53.Kg3 Ne2+ 54.Kg4 Nc3 55.Nxc3 bxc3 56.Rxf7 Re2  0-1

[Event "11th EICC Women"]
[Site "Rijeka CRO"]
[Date "2010.03.11"]
[Round "6"]
[White "Pavlidou,E"]
[Black "Toma,K"]
[Result "1-0"]
[WhiteElo "2135"]
[BlackElo "2259"]

1.d4 Nf6 2.c4 g6 3.Nc3 d5 4.cxd5 Nxd5 5.e4 Nxc3 6.bxc3 Bg7 7.Bc4 c5 8.Ne2 Nc6
9.Be3 O-O 10.O-O Qc7 11.Qc1 Na5 12.Bd3 Rd8 13.Rb1 b6 14.d5 c4 15.Bc2 e5 16.Bh6 Bd7
17.Ng3 f6 18.Kh1 Nb7 19.Qe3 Rf8 20.Bxg7 Kxg7 21.f4 Rae8 22.f5 Nd6 23.Rf3 Rf7
24.Rbf1 Qd8 25.h4 gxf5 26.exf5 Kh8 27.Ne4 Nxe4 28.Qxe4 b5 29.g4 Bc8 30.R3f2 Bb7
31.Rd2 Rd7 32.Rfd1 Qa5 33.Qe3 Qxa2 34.Qh6 Rf7 35.g5 Qa6 36.Kh2 Qd6 37.Be4 Rd8
38.Rg1 Qb6 39.gxf6 Qxf6 40.Rg6 Qe7 41.Rdg2 Qf8 42.Rg8+ Qxg8 43.Rxg8+ Rxg8
44.Qe6 Rgf8 45.Qxe5+ Rf6 46.Kg3 Kg8 47.h5 h6 48.Kf3 Bc8 49.Ke3 a5 50.d6 a4
51.Bd5+ Kh8 52.Be6 a3 53.Bxc8 a2 54.d7 a1=Q 55.Qxf6+ Rxf6 56.d8=Q+ Kh7 57.Qxf6 Qc1+
58.Ke4 Qe1+ 59.Kd5 Qd2+ 60.Kc5 b4 61.Kxb4 Qb2+ 62.Kxc4 Qa2+ 63.Kc5 Qa7+ 64.Kd6 Qb8+
65.Ke7 Qc7+ 66.Bd7 Qc5+ 67.Qd6 Qe3+ 68.Kf7  1-0

[Event "Frauenbundesliga 2009-10"]
[Site "Germany GER"]
[Date "2010.03.14"]
[Round "9"]
[White "Sharevich,A"]
[Black "Bochis,J"]
[Result "1/2-1/2"]
[WhiteElo "2252"]
[BlackElo "2077"]

1.d4 Nf6 2.c4 g6 3.Nc3 d5 4.cxd5 Nxd5 5.e4 Nxc3 6.bxc3 Bg7 7.Ba3 Nd7 8.Nf3 c5
9.Bc4 O-O 10.O-O Qc7 11.Qe2 e5 12.Rfd1 Qa5 13.Bb2 cxd4 14.cxd4 exd4 15.Bxd4 Ne5
16.Bxe5 Bxe5 17.Nxe5 Qxe5 18.Rab1 b6 19.Bd5 Rb8 20.Qc4 Bb7 21.Qa4 Bxd5 22.Rxd5 Qf4
23.g3 Qf3 24.Rb3 Qe2 25.Re3 Qb2 26.Kg2 Rbc8 27.Qxa7 Ra8 28.Qe7 Rxa2 29.Rf3 Ra1
30.Rd8 Qg7 31.Rxf8+ Qxf8 32.Qf6 Re1 33.e5 Qg7 34.Qd8+ Qf8 35.Qf6 Qg7 36.Qd8+ Qf8
37.Qf6 Qg7 38.Rc3 Qxf6 39.exf6 Re8 40.g4 Rb8 41.g5 b5 42.Kf3 b4 43.Rb3 Kf8
44.Ke4 Ke8 45.h4 Kd7 46.Kd5 Rb5+ 47.Kc4 Rf5 48.Rxb4 Rxf2 49.Rb7+ Ke6 50.Re7+ Kf5
51.Rxf7 Rf4+ 52.Kd5 Rxh4 53.Rg7 Kxg5 54.f7 Rf4 55.Rxh7 Kg4 56.Ke6 g5 57.Rh8 Rxf7
58.Kxf7 Kf3 59.Kg6 g4 60.Rf8+ Ke2 61.Kh5 g3 62.Rg8 Kf2 63.Kh4 g2 64.Rf8+ Ke1
65.Rg8 Kf2  1/2-1/2

[Event "11th EICC Women"]
[Site "Rijeka CRO"]
[Date "2010.03.14"]
[Round "8"]
[White "Zhukova,N"]
[Black "Rajlich,I"]
[Result "1-0"]
[WhiteElo "2491"]
[BlackElo "2459"]

1.d4 Nf6 2.c4 g6 3.Nc3 d5 4.cxd5 Nxd5 5.e4 Nxc3 6.bxc3 Bg7 7.Bc4 c5 8.Ne2 O-O
9.O-O Nc6 10.Be3 Qc7 11.Rb1 Rd8 12.Qc1 Na5 13.Bd3 e5 14.d5 c4 15.Bc2 b6 16.f4 Bg4
17.Ng3 exf4 18.Rxf4 h5 19.h3 g5 20.hxg4 gxf4 21.Bxf4 Be5 22.Bxe5 Qxe5 23.Nf5 Nb7
24.Qg5+ Kf8 25.Qh6+ Kg8 26.Qg5+ Kf8 27.Qh6+ Kg8 28.Rf1 Nd6 29.gxh5 Rd7 30.Rf4 Nxf5
31.Rxf5 Rd6 32.Rg5+  1-0

[Event "TCh-AUT 2009-10"]
[Site "Baden AUT"]
[Date "2010.03.20"]
[Round "11"]
[White "Gyimesi,Z"]
[Black "Mikhalevski,V"]
[Result "1-0"]
[WhiteElo "2584"]
[BlackElo "2607"]

1.d4 Nf6 2.c4 g6 3.Nc3 d5 4.cxd5 Nxd5 5.e4 Nxc3 6.bxc3 Bg7 7.Bg5 c5 8.Rc1 O-O
9.Nf3 Bg4 10.d5 Qa5 11.Qd2 e6 12.c4 Qa3 13.Be2 Na6 14.O-O Nb4 15.Be7 Qxa2
16.Qg5 Rfe8 17.Bxc5 Bxf3 18.Bxf3 Nd3 19.d6 b6 20.Be3 Rad8 21.c5 h6 22.Qxd8 Rxd8
23.c6 Ne5 24.c7 Rc8 25.Rfd1 Qa4 26.Be2 g5 27.Bd4 Nd7 28.Bxg7 Kxg7 29.Ra1 Qc2
30.Bb5 Ne5 31.Rac1 Qa2 32.d7 Rxc7 33.Rxc7 Nxd7 34.Rdxd7 Kf6 35.Rxf7+ Ke5
36.Rxa7 Qb2 37.Bf1 Kxe4 38.Ra6 b5 39.Rxe6+ Kd5 40.Rxh6 b4 41.Rf5+  1-0

[Event "ch-Moscow KO"]
[Site "Moscow RUS"]
[Date "2010.03.25"]
[Round "1.2"]
[White "Naumkin,I"]
[Black "Baikov,V"]
[Result "0-1"]
[WhiteElo "2480"]
[BlackElo "2431"]

1.d4 Nf6 2.c4 g6 3.Nc3 d5 4.cxd5 Nxd5 5.e4 Nxc3 6.bxc3 Bg7 7.Bc4 c5 8.Ne2 Nc6
9.Be3 cxd4 10.cxd4 Qa5+ 11.Bd2 Qh5 12.d5 Ne5 13.Bb5+ Bd7 14.Bxd7+ Nxd7 15.Rb1 Qg4
16.O-O Qxe4 17.Nf4 b6 18.Re1 Qd4 19.Rb4 Qf6 20.Rbe4 O-O 21.Rxe7 Nc5 22.Qf3 Rfd8
23.h4 h6 24.Qg3 Qf5 25.Ne6 fxe6 26.Rxg7+ Kxg7 27.Re5 Qf7 28.Qe3 Rxd5 29.Qxh6+ Kg8
30.Rxd5 exd5 31.Bc3 Qh7 32.Qg5 Rf8 33.Qxd5+ Qf7 34.Qd4 Qxf2+  0-1

[Event "TOP 16 GpA"]
[Site "Evry FRA"]
[Date "2010.03.27"]
[Round "2"]
[White "Dumitrache,D"]
[Black "Vachier Lagrave,M"]
[Result "1/2-1/2"]
[WhiteElo "2467"]
[BlackElo "2727"]

1.d4 Nf6 2.c4 g6 3.Nc3 d5 4.cxd5 Nxd5 5.e4 Nxc3 6.bxc3 Bg7 7.Be3 O-O 8.Nf3 Nd7
9.Bd3 b6 10.O-O Bb7 11.Rc1 e5 12.Qe2 Re8 13.d5 c6 14.c4 Qe7 15.Rfd1 Rac8
16.Nd2 Nc5 17.Nb3 Nxd3 18.Qxd3 cxd5 19.cxd5 Qd7 20.a4 f5 21.f3 Rxc1 22.Rxc1 Rc8
23.a5 Rxc1+ 24.Bxc1 Bf8  1/2-1/2

[Event "ch-VIE"]
[Site "Ho Chi Minh City VIE"]
[Date "2010.03.28"]
[Round "4"]
[White "Ngo Quang Nhat"]
[Black "Nguyen Van Hai"]
[Result "0-1"]
[WhiteElo "1784"]
[BlackElo "2300"]

1.d4 Nf6 2.c4 g6 3.Nc3 d5 4.cxd5 Nxd5 5.e4 Nxc3 6.bxc3 Bg7 7.Nf3 c5 8.Be3 Qa5
9.dxc5 Qxc3+ 10.Bd2 Qxa1 11.Bc1 Bg4 12.Be2 Bc3+ 13.Kf1 Nc6 14.h3 Rd8 15.Bd3 Rxd3
16.Qxd3 Qxc1+ 17.Ke2 Nd4+ 18.Qxd4 Qc2+ 19.Ke3 Bxd4+  0-1

[Event "33rd Open"]
[Site "Donostia ESP"]
[Date "2010.03.30"]
[Round "3"]
[White "Arana Garate,J"]
[Black "Bjerke,S"]
[Result "0-1"]
[WhiteElo "1944"]
[BlackElo "2218"]

1.d4 Nf6 2.c4 g6 3.Nc3 d5 4.cxd5 Nxd5 5.e4 Nxc3 6.bxc3 Bg7 7.Bc4 c5 8.Ne2 O-O
9.O-O Nc6 10.Be3 Bd7 11.Rb1 Qc7 12.Bd3 Rad8 13.Qb3 b6 14.Ba6 cxd4 15.cxd4 Bc8
16.Bxc8 Qxc8 17.Rfd1 Na5 18.Qb4 Qc4 19.Qxc4 Nxc4 20.Bf4 Rc8 21.Rdc1 Na3 22.Rxc8 Rxc8
23.Rc1 Rxc1+ 24.Bxc1 Nc2 25.Bb2 b5 26.e5 e6 27.Nc3 Nxd4 28.f4 b4 29.Nd5 exd5
30.Bxd4 a5 31.Kf2 Bf8 32.Ke2 Be7 33.Kd3 Kf8 34.Bb6 a4 35.Kd4 Ke8 36.g4 Kd7
37.Kd3 Kc6 38.Bd4 Kb5 39.f5 Kc6 40.Ba1 Bc5 41.h4 gxf5 42.gxf5 h5 43.Bb2 Bf2
44.e6 fxe6 45.f6 Kd7 46.Bd4 Bxd4 47.Kxd4 b3  0-1

[Event "III Montalvo Mem"]
[Site "Gran Canaria ESP"]
[Date "2010.03.31"]
[Round "3"]
[White "Estevez Hernandez,C"]
[Black "Sanchez Quintero,R"]
[Result "1-0"]
[WhiteElo "1810"]
[BlackElo "2094"]

1.d4 Nf6 2.c4 g6 3.Nc3 d5 4.cxd5 Nxd5 5.e4 Nxc3 6.bxc3 Bg7 7.Nf3 c5 8.Rb1 O-O
9.Be2 cxd4 10.cxd4 Nc6 11.d5 Ne5 12.Nxe5 Bxe5 13.O-O b6 14.f4 Bg7 15.Bb2 Bxb2
16.Rxb2 Bb7 17.Rc2 Rc8 18.Bg4 f5 19.exf5 gxf5 20.Bxf5 Rxc2 21.Bxc2 Bxd5 22.Qd3 Rf7
23.Bb3 e6 24.f5 Qc7 25.fxe6 Qc5+ 26.Kh1  1-0

[Event "21st Pobeskydi Chance Cup"]
[Site "Frydek-Mistek CZE"]
[Date "2010.04.01"]
[Round "2"]
[White "Kovac,A"]
[Black "Dvorak,T"]
[Result "0-1"]
[WhiteElo "2126"]
[BlackElo "2297"]

1.d4 Nf6 2.c4 g6 3.Nc3 d5 4.cxd5 Nxd5 5.e4 Nxc3 6.bxc3 Bg7 7.Bc4 O-O 8.Ne2 c5
9.Be3 Nc6 10.Rc1 Na5 11.Bd3 b6 12.h4 e5 13.d5 f5 14.f3 c4 15.Bc2 f4 16.Bf2 Qd6
17.Rb1 Rf7 18.Ba4 Bf8 19.Rb2 Rb8 20.Qb1 Qa3 21.Qc2 Bc5 22.Bxc5 Qxc5 23.Rb5 Qd6
24.Rb4 a6 25.Qb2 b5 26.Bc2 Nb7 27.a4 Bd7 28.axb5 Bxb5 29.Ng1 Qc5 30.h5 Nd6
31.Qc1 Rfb7 32.hxg6 hxg6 33.g3 g5 34.Qd2 Rg7 35.Qf2 Qxf2+ 36.Kxf2 Rgb7 37.Rh5 Nf7
38.Nh3 a5 39.Rb1 Bd7 40.Rc1 Rb2 41.Kg1 Bxh3 42.Rxh3 Ra2 43.g4 Rbb2 44.Rh2 Nd6
45.Rd2 Kf7 46.Kf1 Ke7 47.Rh2 Kd8 48.Ke1 Nb5 49.Kd2 Na3 50.Kd1 Ke7 51.Rh7+ Kd6
52.Rh6+ Kc5 53.Rh2 Nb5 54.Kd2 Nd6 55.Rh5 Nb5 56.Rh2 Kd6 57.Rh6+ Kd7 58.Rh7+ Ke8
59.Rh2 Nd6 60.Rh6 Nb7 61.Re6+ Kd7 62.Rxe5 Nc5 63.Kd1 Nd3 64.Bxd3 cxd3 65.Rxg5 Rg2
66.Rg7+ Ke8 67.Rg8+ Kf7  0-1

[Event "Victor Ciocaltea Mem"]
[Site "Bucharest ROU"]
[Date "2010.04.02"]
[Round "11"]
[White "Georgescu,T"]
[Black "Lupulescu,C"]
[Result "1/2-1/2"]
[WhiteElo "2397"]
[BlackElo "2598"]

1.d4 Nf6 2.c4 g6 3.Nc3 d5 4.cxd5 Nxd5 5.e4 Nxc3 6.bxc3 Bg7 7.Bc4 c5 8.Ne2 O-O
9.O-O Nc6 10.Be3 Bg4 11.f3 Na5 12.Bd3 cxd4 13.cxd4 Be6 14.d5 Bxa1 15.Qxa1 f6
16.Qb1 Bd7 17.e5 fxe5 18.Bxg6 hxg6 19.Qxg6+ Kh8 20.Qh6+  1/2-1/2

[Event "21st Pobeskydi Chance Cup"]
[Site "Frydek-Mistek CZE"]
[Date "2010.04.02"]
[Round "4"]
[White "Klecker,T"]
[Black "Dvorak,T"]
[Result "1-0"]
[WhiteElo "2175"]
[BlackElo "2297"]

1.d4 Nf6 2.c4 g6 3.Nc3 d5 4.cxd5 Nxd5 5.e4 Nxc3 6.bxc3 Bg7 7.Nf3 c5 8.Rb1 O-O
9.Be2 cxd4 10.cxd4 Qa5+ 11.Qd2 Qxd2+ 12.Bxd2 b6 13.O-O e6 14.Rbc1 Bb7 15.Rc7 Bxe4
16.Bb4 Rd8 17.Rfc1 Bf6 18.Ne5 a5 19.Nxf7 Rd7 20.Nh6+ Kg7 21.Bd2 g5 22.Ng4 Ra7
23.Rc8 Na6 24.Rg8+ Kf7 25.Nxf6 Kxf6 26.Bxg5+ Kf7 27.Rcc8  1-0

[Event "Easter Open"]
[Site "Medellin COL"]
[Date "2010.04.02"]
[Round "5"]
[White "Garces,J"]
[Black "Aponte Castillo,E"]
[Result "0-1"]
[WhiteElo "2018"]
[BlackElo "2160"]

1.d4 Nf6 2.c4 g6 3.Nc3 d5 4.cxd5 Nxd5 5.e4 Nxc3 6.bxc3 Bg7 7.Bb5+ c6 8.Bc4 c5
9.Bb5+ Nc6 10.Ne2 O-O 11.d5 Qa5 12.Bxc6 bxc6 13.Bd2 cxd5 14.c4 Qa6 15.cxd5 Qd3
16.Qb1 Qc4 17.Ng3 Qd4  0-1

[Event "33rd Open"]
[Site "Donostia ESP"]
[Date "2010.04.03"]
[Round "8"]
[White "Arana Garate,J"]
[Black "Torres Ganuza,F"]
[Result "0-1"]
[WhiteElo "1944"]
[BlackElo "2109"]

1.d4 Nf6 2.c4 g6 3.Nc3 d5 4.cxd5 Nxd5 5.e4 Nxc3 6.bxc3 Bg7 7.Bc4 O-O 8.Ne2 c5
9.Be3 Qc7 10.Rc1 Rd8 11.d5 Nd7 12.O-O a6 13.f4 b5 14.Bd3 c4 15.Bb1 Nf6 16.Qe1 Bb7
17.Qh4 e6 18.f5 exf5 19.exf5 Re8 20.fxg6 Rxe3 21.Rxf6 hxg6 22.Bxg6 fxg6 23.Rxg6 Rxe2
24.Rf1 Rae8 25.Qh6 Bxd5 26.Qh5 Qc5+  0-1

[Event "33rd Open"]
[Site "Donostia ESP"]
[Date "2010.04.04"]
[Round "9"]
[White "Aguado Zabaleta,F"]
[Black "Irulegi Garmendia,J"]
[Result "1-0"]
[WhiteElo "1775"]
[BlackElo "1503"]

1.d4 Nf6 2.c4 g6 3.Nc3 d5 4.cxd5 Nxd5 5.e4 Nxc3 6.bxc3 Bg7 7.Bc4 c5 8.Qb3 cxd4
9.Bxf7+ Kf8 10.Ba3 dxc3 11.Rd1 Qc7 12.Bc4 Nd7 13.Rd3 Nc5 14.Bxc5 Qxc5 15.Rd8+  1-0